| Tag |
First Indicator |
Second Indicator |
Subfields |
| LEADER |
00000cam a2200000 a 4500 |
| 001 |
in00000560821 |
| 005 |
20151014060354.0 |
| 008 |
840127s1984 uk a b 00110 eng d |
| 020 |
|
|
|a 0632009950 (pbk.) :
|c 12.00
|
| 035 |
|
|
|a (OCoLC)10343863
|
| 035 |
|
|
|9 ACM7375AM
|
| 040 |
|
|
|a EQA
|c EQA
|d AGL
|d TXA
|d UtOrBLW
|
| 049 |
|
|
|a TXAM
|c [A08442287], 2 [A08442334]
|
| 072 |
|
0 |
|a F833
|
| 090 |
|
|
|a SB736
|b .H54 1984
|
| 092 |
|
|
|a 576.6483028
|
| 100 |
1 |
|
|a Hill, Stephen A.
|
| 245 |
1 |
0 |
|a Methods in plant virology /
|c by Stephen A. Hill.
|
| 264 |
|
1 |
|a Oxford ;
|a Boston :
|b Blackwell Scientific for British Society for Plant Pathology,
|c 1984.
|
| 300 |
|
|
|a viii, 167 pages :
|b illustrations ;
|c 24 cm.
|
| 336 |
|
|
|a text
|b txt
|2 rdacontent
|
| 337 |
|
|
|a unmediated
|b n
|2 rdamedia
|
| 338 |
|
|
|a volume
|b nc
|2 rdacarrier
|
| 490 |
1 |
|
|a Methods in plant pathology,
|x 0266-5514 ;
|v v. 1
|
| 504 |
|
|
|a Includes bibliographies and index.
|
| 650 |
|
0 |
|a Agricultural virology.
|
| 650 |
|
0 |
|a Virus diseases of plants.
|
| 650 |
|
0 |
|a Plant viruses.
|
| 830 |
|
0 |
|a Methods in plant pathology ;
|v v. 1.
|
| 999 |
|
|
|a MARS
|
| 999 |
f |
f |
|s 119ceb5b-3ec4-3551-9072-bd67f9505a32
|i 4a3a7fce-2f78-3723-8c97-c47e485f39b7
|t 0
|
| 952 |
f |
f |
|p ric
|a Texas A&M University
|b Rellis Campus
|c Joint Library Facility
|d Remote Storage
|t 0
|e SB736 .H54 1984
|h Library of Congress classification
|i unmediated -- volume
|m A14808442334
|
| 998 |
f |
f |
|a SB736 .H54 1984
|t 0
|l Remote Storage
|